Tower crane stability (Record no. 105360)
[ view plain ]
| 000 -LEADER | |
|---|---|
| fixed length control field | 01284cam a2200277 4500 |
| 001 - CONTROL NUMBER | |
| control field | ##L133233 |
| 008 - FIXED-LENGTH DATA ELEMENTS--GENERAL INFORMATION | |
| fixed length control field | 060421n2006 000 0 eng u |
| 020 ## - INTERNATIONAL STANDARD BOOK NUMBER | |
| International Standard Book Number | 0860176541 |
| -- | 9781860176548 |
| 035 ## - SYSTEM CONTROL NUMBER | |
| System control number | (Sirsi) u133233 |
| 041 0# - LANGUAGE CODE | |
| Language code of text/sound track or separate title | eng |
| 050 04 - LIBRARY OF CONGRESS CALL NUMBER | |
| Classification number | 690.22 $2 18 |
| 100 1# - MAIN ENTRY--PERSONAL NAME | |
| Personal name | Skinner, Hilary |
| 245 00 - TITLE STATEMENT | |
| Title | Tower crane stability |
| 260 ## - PUBLICATION, DISTRIBUTION, ETC. | |
| Place of publication, distribution, etc. | London |
| Name of publisher, distributor, etc. | CIRIA |
| Date of publication, distribution, etc. | 2006 |
| 300 ## - PHYSICAL DESCRIPTION | |
| Extent | xii, 91p. |
| Other physical details | ill. |
| Dimensions | 30cm. |
| 350 ## - PRICE (NR) (BK AM CF MU VM SE) [OBSOLETE] | |
| Price | 80 |
| 490 #0 - SERIES STATEMENT | |
| Series statement | CIRIA |
| Volume/sequential designation | C654 |
| 505 2# - FORMATTED CONTENTS NOTE | |
| Formatted contents note | Introduction -- Design -- On site -- Loading and structural elements -- Foundations -- Standards and timetables for change |
| 520 ## - SUMMARY, ETC. | |
| Summary, etc. | Provides guidance on the safe design of foundations for, and use of, tower cranes. Explains the main causes of tower crane failure and critical hazards, and looks at all the relevant health and safety issues. Highlights key situations in which a specialist should be consulted. Presents a current understanding of best practice based on the experience of a wide cross-section of the industry. Aimed at temporary and permanent works designers, building designers, site managers and crane operators. |
| 520 ## - SUMMARY, ETC. | |
| Summary, etc. | Accompanied by a CD. |
| 690 ## - LOCAL SUBJECT ADDED ENTRY--TOPICAL TERM (OCLC, RLIN) | |
| Topical term or geographic name as entry element | Health and safety |
| 9 (RLIN) | 6244 |
| 700 1# - ADDED ENTRY--PERSONAL NAME | |
| Personal name | Watson, Tim |
| 700 1# - ADDED ENTRY--PERSONAL NAME | |
| Personal name | Dunkley, Bob |
| 700 1# - ADDED ENTRY--PERSONAL NAME | |
| Personal name | Blackmore, Paul |
| 942 ## - ADDED ENTRY ELEMENTS (KOHA) | |
| Suppress in OPAC | 0 |
| Withdrawn status | Lost status | Damaged status | Not for loan | Home library | Current library | Shelving location | Date acquired | Total Checkouts | Full call number | Barcode | Date last seen | Copy number | Price effective from | Koha item type |
|---|---|---|---|---|---|---|---|---|---|---|---|---|---|---|
| London | London | Books | 11/08/2006 | CIRIA REPORTS | 30072933 | 28/05/2024 | 1 | 06/08/2019 | Book |